00702pam a2200229 a 45000010008000000030004000080050017000120080041000290100017000700200015000870400018001020500023001200820019001431000021001622450057001832500012002402600032002523000037002845040039003215040074003606500038004344786742OSt20191219154114.0870729s1988 nyua b 001 0 eng  a 87021762  a0393955567 aDLCcDLCdDLC00aHF1411b.E824 198800a337219bETH/M1 aEthier, Wilfred.10aModern international economics /cWilfred J. Ethier. a2nd ed. aNew York :bNorton,cc1988. axx, 556, 62 p. :bill. ;c25 cm. aIncludes bibliographies and index. a"Source material in international economics": p. 43-46 (second group) 0aInternational economic relations.